[Event "ICS Rated standard match"]
[Site "207.99.83.229"]
[Date "1999.06.29"]
[Round "?"]
[White "spunik"]
[Black "Hossa"]
[Result "0-1"]
[WhiteElo "1985"]
[BlackElo "2223"]
[Annotator "Fritz 5.32 (22s)"]
[PlyCount "32"]

1. d4 1... Nf6 {Opening = A52 - 3.de5 Ng4} 2. c4 e5 3. dxe5 Ng4 4. Qd4 h5 (4...
d6 5. exd6 Nc6 6. Qd2 Bxd6 7. Nf3 Be6 8. e3 Qf6 9. Nc3 O-O-O 10. Ne4 Qf5 11.
Nxd6+ Rxd6 12. Qc3 Rhd8 13. Be2 Nce5 14. O-O Nxf3+ 15. Bxf3 Ne5 16. Be2 Bxc4
17. e4 Qxe4 18. Bxc4 Qxc4 19. Qxc4 {
Formanek,E-Pangrazzi,M/Open, Salsomaggiore ITA 1997/0-1 (72)}) 5. h3 $11 (5. f3
Nc6 6. Qe4 Nh6 7. Nc3 Bb4 8. Bd2 b6 9. Nh3 Bb7 10. Nf4 Na5 11. Nfd5 Bxc3 12.
Bxc3 O-O 13. e3 Bxd5 14. cxd5 Nb7 15. Bd3 g6 16. Qf4 Kh7 17. h4 Nc5 18. Bc2 d6
19. g4 dxe5 20. Qxe5 f6 21. Qd4 Qd6 22. O-O-O {
1-0 Skembris Spyridon-Hatzikonstadinov/It (open), Chalkidiki (Greece) 1990 (22)
}) (5. Nf3 Nc6 6. Qe4 Bc5 7. Bg5 (7. e3 Qe7 8. Nc3 Bb4 9. Bd2 Ngxe5 10. Nxe5
Qxe5 11. Qxe5+ Nxe5 12. a3 Be7 13. Nd5 Bd8 14. Bc3 f6 15. f4 Nf7 16. Bd3 d6 17.
Bd2 c6 18. Nc3 f5 19. Kf2 Bf6 20. Rhe1 O-O 21. Rab1 21... Bd7 {
Sommaro,K-Kaulfuss,C/BLW 1992/1-0 (46)}) 7... Bxf2+ 8. Kd2 Ne7 9. Nc3 Bc5 10.
Bh4 d6 11. exd6 Bxd6 12. Qd3 Bf4+ 13. Kc2 Ne3+ 14. Kb3 Be6 15. Nd5 N3xd5 16.
cxd5 Qxd5+ 17. Qxd5 Nxd5 18. Nd4 Bd7 19. e4 Ne3 20. Bf2 Ng4 21. Bg1 O-O-O 22.
Bc4 Ne5 23. Rf1 Bg5 24. Nf3 Nxc4 25. Kxc4 Be6+ 26. Kc3 Be7 27. Bd4 f6 28. h4
Rhf8 29. a3 c5 30. Be3 Bd6 31. Rd1 b6 32. Rd2 Bc7 33. Rhd1 Rxd2 34. Rxd2 Rd8
35. Bf2 Bf4 36. Rd3 Rxd3+ 37. Kxd3 Kd7 38. g3 Bc7 39. Kc3 39... Kc6 {
Piljic Srecko-Steinberg Sven/Bayern Regionalliga Southeast 1995/0-1 (49)}) (5.
f4 Nc6 6. Qd3 6... Bc5 $14) 5... Nc6 6. Qe4 Ngxe5 7. Nf3 Bb4+ 8. Bd2 f5 9. Qc2
Nxf3+ 10. gxf3 10... O-O $14 (10... Bxd2+ 11. Nxd2 d6 12. f4 $11) 11. c5 $11 (
11. Rg1 Bxd2+ 12. Nxd2 12... d6 $11) 11... d5 12. cxd6 Qxd6 13. Bc3 $15 (13. e3
f4 14. e4 14... Rd8 $15) 13... Nd4 {Droht Matt: Nxc2} 14. Qd3 Rd8 15. Bg2 $17 (
15. Nd2 $5 $15 $142 {muss unbedingt geprueft werden}) 15... Qa6 16. O-O $4 $19
{und es geht weiter bergab} (16. Bxb4 $142 16... Qxd3 17. exd3 Nc2+ 18. Kd2
Nxb4 19. Bf1 $17) 16... Nxe2+ (16... Nxe2+ 17. Qxe2 $5 17... Qxe2 18. Bxb4
18... Qxb2 $19) 0-1

[Event "ICS rated standard match"]
[Site "207.99.83.229"]
[Date "1999.06.29"]
[Round "?"]
[White "Hossa"]
[Black "StarPoz"]
[Result "1-0"]
[WhiteElo "2229"]
[BlackElo "1866"]
[PlyCount "47"]

1. e4 d5 2. exd5 Nf6 3. d4 Nxd5 4. Nf3 g6 5. c4 Nb6 6. Nc3 Bg7 7. Bf4 Bg4 8.
Be2 Na6 9. O-O c6 10. Be5 Bxe5 11. Nxe5 Bxe2 12. Nxe2 O-O 13. Qc1 Rc8 14. Qh6
Qd6 15. b3 Nd7 16. f4 Nc7 17. Rf3 Nf6 18. f5 Nh5 19. Raf1 e6 20. fxg6 fxg6 21.
Rf7 Rxf7 22. Rxf7 Qxd4+ 23. Nxd4 Nd5 24. Qxh7# {StarPoz checkmated} 1-0

[Event "ICS rated standard match"]
[Site "207.99.83.229"]
[Date "1999.06.29"]
[Round "?"]
[White "Hossa"]
[Black "spunik"]
[Result "1-0"]
[WhiteElo "2233"]
[BlackElo "2022"]
[PlyCount "51"]

1. d4 Nf6 2. Nc3 d5 3. Bg5 e6 4. e4 Be7 5. e5 Nfd7 6. Bxe7 Qxe7 7. Qh5 Qb4 8.
O-O-O c5 9. Nb5 O-O 10. Nc7 Qa5 11. Nxa8 Qxa2 12. c3 cxd4 13. cxd4 Nc6 14. Bd3
g6 15. Qg4 Nb6 16. Nxb6 axb6 17. Nf3 Bd7 18. Bb1 Qc4+ 19. Kd2 Qb4+ 20. Ke3 Qxb2
21. Qg5 Na5 22. Kf4 Nc4 23. Kg3 Qb4 24. Bd3 f6 25. exf6 Nd6 26. Bxg6 {
spunik resigns} 1-0

[Event "ICS Rated blitz match"]
[Site "207.99.83.229"]
[Date "1999.06.29"]
[Round "?"]
[White "Hossa"]
[Black "Beadle"]
[Result "0-1"]
[WhiteElo "2373"]
[BlackElo "2575"]
[Annotator "Fritz 5.32 (22s)"]
[PlyCount "41"]

1. e4 1... e5 {Opening = C30 - 2.f4 ---} 2. f4 Bc5 3. Nf3 d6 4. c3 Nf6 5. fxe5
dxe5 6. d4 exd4 7. Ng5 (7. cxd4 Bb4+ 8. Bd2 Bxd2+ 9. Nbxd2 O-O 10. Bc4 {
- Palac,M-Rogulj,B/ch-CRO, Pula CRO 1998 (10)}) 7... h6 $146 {
Nun geraet Weiss unter starken Druck.} (7... Qe7 8. e5 dxc3 9. Nxc3 h6 10. Nd5
Bb4+ 11. Ke2 Qc5 12. exf6 hxg5 13. fxg7 Qc4+ 14. Qd3 Qxd3+ 15. Kxd3 {
1-0 Barillaro-Hemminger/corres ITA/CSA 1989 (15)}) 8. e5 $19 (8. Nf3 $5 8...
dxc3 9. Nxc3 Qxd1+ 10. Kxd1 $17) 8... hxg5 9. exf6 Qxf6 10. Qe2+ Kf8 11. Bd2 (
11. Nd2 Bf5 12. Nf3 12... d3 $19) 11... Bd6 12. cxd4 Nc6 (12... Bxh2 $4 {
der kann natuerlich nicht genommen werden} 13. Bb4+ Qd6 14. Bxd6+ cxd6 15. Qf2
$18) (12... Qxd4 $6 {ist weit schwaecher wegen} 13. Be3 Bb4+ 14. Kf2 Qf6+ 15.
Kg1 $19) (12... Rxh2 $6 {verbietet sich, da} 13. Rxh2 Bg3+ 14. Kd1 Bxh2 15. Bc3
$19) 13. Nc3 (13. Qf2 Nxd4 14. Qxf6 gxf6 15. Bd3 $19) 13... Nxd4 14. Qe4 (14.
Ne4 {kann das Vorangegangene nicht ungeschehen machen} 14... Nxe2 (14... Rxh2
$6 {ist sichtlich schlechter} 15. Qd3 Bf5 16. Rxh2 Bxh2 17. Nxf6 Bxd3 18. Nd7+
Ke8 19. Bxd3 Bg3+ 20. Kd1 $19) 15. Nxf6 Ng3 16. hxg3 Bxg3+ 17. Ke2 Rxh1 18.
Bb4+ Bd6 19. Bxd6+ 19... cxd6 $19) 14... Rh4 15. g4 (15. O-O-O {
hilft allerdings auch nicht} 15... Rxe4 16. Nxe4 Qe6 17. Nxd6 17... Qxa2 $19)
15... Bxg4 $1 {ganz unerschrocken} 16. Be3 Nf3+ 17. Kd1 Nxh2+ 18. Kc1 18... Bf3
$1 {logisch und kraftvoll} 19. Qd3 Bxh1 20. Kc2 (20. Be2 {
aendert den traurigen Lauf der Dinge nicht} 20... Rh3 21. Kc2 Re8 22. Rxh1
22... Rhxe3 $19) 20... Re8 21. Bg1 0-1

[Event "ICS Rated blitz match"]
[Site "207.99.83.229"]
[Date "1999.06.29"]
[Round "?"]
[White "Beadle"]
[Black "Hossa"]
[Result "1-0"]
[WhiteElo "2584"]
[BlackElo "2365"]
[PlyCount "84"]

1. e4 e5 2. Nf3 Nc6 3. Bb5 a6 4. Ba4 Nf6 5. O-O Bc5 6. Bxc6 dxc6 7. d3 Qe7 8.
Nc3 O-O 9. Be3 Bd6 10. Qe2 Bg4 11. Rad1 Rad8 12. h3 Bd7 13. a3 c5 14. Kh1 a5
15. Qe1 b5 16. Bg5 c6 17. Ne2 Bc7 18. Qc3 h6 19. Be3 c4 20. Ng3 Rfe8 21. dxc4
b4 22. axb4 axb4 23. Qb3 Ba5 24. Ra1 Ra8 25. Rfd1 Kh8 26. Nh4 Red8 27. Nhf5 Qf8
28. Nd6 Be6 29. Bc5 Nd7 30. Bxb4 Rdb8 31. Ra4 Nc5 32. Bxc5 Rxb3 33. cxb3 Ra6
34. b4 Bxb4 35. Rxb4 Qg8 36. Ngf5 Ra5 37. Bb6 Ra2 38. Ne7 Qf8 39. Nxc6 f5 40.
Nxe5 Kh7 41. exf5 Bxf5 42. Be3 42... Bc2 {Hossa resigns} 1-0

[Event "ICS rated blitz match"]
[Site "207.99.83.229"]
[Date "1999.06.29"]
[Round "?"]
[White "Hossa"]
[Black "Beadle"]
[Result "0-1"]
[WhiteElo "2358"]
[BlackElo "2591"]
[PlyCount "109"]

1. e4 c6 2. d4 d5 3. exd5 cxd5 4. Nf3 Nc6 5. Be2 Nf6 6. Ne5 Qb6 7. c3 Bf5 8.
O-O e6 9. Qb3 Qxb3 10. axb3 Nxe5 11. dxe5 Nd7 12. Bb5 a6 13. Bg5 Rc8 14. Bxd7+
Kxd7 15. Nd2 h6 16. Be3 f6 17. Bd4 Bc5 18. Bxc5 Rxc5 19. b4 Rc7 20. exf6 gxf6
21. Nb3 Rg8 22. Rfe1 e5 23. g3 Rc6 24. f4 Re8 25. Ra5 Rd6 26. b5 axb5 27. Rxb5
b6 28. Re3 Bc2 29. Nc1 e4 30. Rb4 Ra8 31. Re2 Bb1 32. Rd4 Rc8 33. Nb3 Ba2 34.
Nd2 f5 35. Re3 Bc4 36. g4 fxg4 37. Nxc4 Rxc4 38. Rxc4 dxc4 39. Rxe4 b5 40. f5
Rd1+ 41. Kg2 Rd2+ 42. Kg3 h5 43. f6 Rd3+ 44. Kf4 Rd2 45. Rd4+ Rxd4+ 46. cxd4 b4
47. Kg5 Ke8 48. d5 c3 49. bxc3 b3 50. Kg6 Kf8 51. Kxh5 b2 52. Kxg4 b1=Q 53. Kf4
Qc1+ 54. Kg4 Qxc3 55. d6 {Hossa resigns} 0-1

[Event "ICS rated bullet match"]
[Site "207.99.83.229"]
[Date "1999.06.29"]
[Round "?"]
[White "Hossa"]
[Black "Amateur"]
[Result "0-1"]
[WhiteElo "2478"]
[BlackElo "2418"]
[PlyCount "88"]

1. e4 e5 2. f4 exf4 3. Nf3 Nf6 4. e5 Nh5 5. d4 d6 6. exd6 Bxd6 7. Be2 Bg4 8.
O-O O-O 9. Nc3 Nc6 10. d5 Bc5+ 11. Kh1 Ne7 12. Ne5 Bxe2 13. Qxe2 Nf6 14. Rxf4
Nexd5 15. Nxd5 Qxd5 16. Rxf6 gxf6 17. Qg4+ Kh8 18. Nd3 Rg8 19. Qe2 Rae8 20. Qf1
Bd4 21. c3 Be3 22. Bxe3 Rxe3 23. Rd1 Qg5 24. Nc5 b6 25. Nd7 Re6 26. a3 Qh4 27.
Kg1 Rg4 28. g3 Qh6 29. Re1 Rxe1 30. Qxe1 Kg7 31. Qf2 Re4 32. Kg2 f5 33. Kg1 Qd6
34. Qf1 Qd2 35. Nxb6 axb6 36. a4 Re1 37. Qxe1 Qxe1+ 38. Kg2 Qe2+ 39. Kg1 Qxb2
40. a5 bxa5 41. c4 a4 42. g4 a3 43. Kh1 a2 44. h4 44... a1=Q# {Hossa checkmated
} 0-1

[Event "ICS Rated bullet match"]
[Site "207.99.83.229"]
[Date "1999.06.29"]
[Round "?"]
[White "Amateur"]
[Black "Hossa"]
[Result "0-1"]
[WhiteElo "2437"]
[BlackElo "2459"]
[PlyCount "78"]

1. e4 e5 2. Nf3 Nc6 3. Bb5 Nf6 4. O-O Nxe4 5. d4 exd4 6. Re1 d5 7. Nxd4 Bd7 8.
Bxc6 Bxc6 9. f3 Bc5 10. Be3 Bxd4 11. Bxd4 O-O 12. fxe4 dxe4 13. Re3 Qd6 14. c3
Qf4 15. Rg3 f6 16. Qb3+ Kh8 17. Na3 a6 18. Rf1 Qh6 19. Nc2 Rad8 20. Bc5 Rg8 21.
Nd4 Bd5 22. c4 Bf7 23. Qxb7 Bxc4 24. Re1 Rd5 25. Qxc7 Qd2 26. Rxe4 Qc1+ 27. Kf2
Qf1+ 28. Ke3 Qd3+ 29. Kf2 Qxe4 30. Rh3 Rxd4 31. Bxd4 Qxd4+ 32. Re3 Re8 33. Qg3
Qxb2+ 34. Kf3 Bd5+ 35. Kg4 Qd4+ 36. Qf4 f5+ 37. Kh3 Rxe3+ 38. g3 Qxf4 39. a3
39... Qh6# {Amateur checkmated} 0-1

[Event "ICS Rated blitz match"]
[Site "207.99.83.229"]
[Date "1999.06.29"]
[Round "?"]
[White "Hossa"]
[Black "blunite"]
[Result "1-0"]
[WhiteElo "2351"]
[BlackElo "2233"]
[PlyCount "55"]

1. e4 e5 2. f4 exf4 3. Nf3 h6 4. Bc4 d6 5. Nc3 g5 6. O-O Bg7 7. d4 Nc6 8. Bb5
Bd7 9. Qd3 Nge7 10. Ne2 O-O 11. c4 Ng6 12. Nc3 f5 13. Bxc6 bxc6 14. c5 Rb8 15.
b3 Qe8 16. Bb2 fxe4 17. Nxe4 Bf5 18. Rae1 Qd7 19. cxd6 cxd6 20. Qc3 Rbe8 21.
Nf2 Rxe1 22. Nxe1 Re8 23. Qd2 Qe6 24. Nf3 Qe3 25. Qa5 Bd3 26. Bc1 Qe2 27. Re1
Qxe1+ 28. Nxe1 {blunite resigns} 1-0

[Event "ICS rated blitz match"]
[Site "207.99.83.229"]
[Date "1999.06.29"]
[Round "?"]
[White "Esen"]
[Black "Hossa"]
[Result "0-1"]
[WhiteElo "2004"]
[BlackElo "2358"]
[PlyCount "48"]

1. e4 e5 2. Nf3 Nc6 3. Bb5 a6 4. Bxc6 dxc6 5. d4 Bg4 6. dxe5 Qxd1+ 7. Kxd1
O-O-O+ 8. Bd2 f6 9. exf6 Nxf6 10. h3 Nxe4 11. hxg4 Nxf2+ 12. Ke2 Nxh1 13. Bf4
Bc5 14. Nbd2 Nf2 15. Ne5 Rhe8 16. Kf3 Rxd2 17. Bxd2 Rxe5 18. Re1 Rxe1 19. Bxe1
Nd1 20. b3 Bd4 21. Ke4 c5 22. b4 Bc3 23. Bxc3 Nxc3+ 24. Kd3 24... cxb4 {
Esen resigns} 0-1

[Event "ICS rated blitz match"]
[Site "207.99.83.229"]
[Date "1999.06.29"]
[Round "?"]
[White "Beadle"]
[Black "Hossa"]
[Result "1/2-1/2"]
[WhiteElo "2590"]
[BlackElo "2357"]
[PlyCount "84"]

1. e4 c5 2. Nf3 d6 3. d4 cxd4 4. Qxd4 a6 5. Bg5 Nc6 6. Qd2 Bg4 7. Qc3 Rc8 8.
Nbd2 Bxf3 9. Nxf3 Ne5 10. Qb3 Nxf3+ 11. gxf3 Qd7 12. Rg1 e6 13. O-O-O Ne7 14.
Kb1 Ng6 15. Bd2 Be7 16. Bc3 O-O 17. f4 Qc6 18. f5 exf5 19. exf5 Qf3 20. Bd3 Ne5
21. f6 Qxf6 22. Qxb7 Rxc3 23. bxc3 Rd8 24. Bxa6 Rd7 25. Qb8+ Rd8 26. Qc7 d5 27.
Bb7 Bd6 28. Qb6 Nc4 29. Qb3 Qxf2 30. Bxd5 Nd2+ 31. Rxd2 Qxg1+ 32. Kb2 Rb8 33.
Bxf7+ Kf8 34. Rxd6 Rxb3+ 35. Bxb3 Qxh2 36. Rd4 g5 37. a4 h5 38. a5 Ke7 39. Re4+
Kd7 40. Rd4+ Ke7 41. Re4+ Kd7 42. Rd4+ 42... Ke7 {Game drawn by repetition}
1/2-1/2

[Event "ICS rated blitz match"]
[Site "207.99.83.229"]
[Date "1999.06.29"]
[Round "?"]
[White "Hossa"]
[Black "Beadle"]
[Result "0-1"]
[WhiteElo "2366"]
[BlackElo "2581"]
[PlyCount "89"]

1. e4 e5 2. Nf3 Nc6 3. Bc4 Nf6 4. d3 Bc5 5. Nc3 d6 6. Be3 Bxe3 7. fxe3 Na5 8.
Bb3 O-O 9. Qd2 Kh8 10. O-O Bd7 11. Ng5 Nxb3 12. axb3 Qe7 13. Qe2 b6 14. b4 h6
15. Nf3 c6 16. d4 exd4 17. exd4 Bg4 18. Qd3 Qd7 19. Nd2 Rac8 20. Rxf6 gxf6 21.
Qf1 Kg7 22. Qf4 Be6 23. Rf1 Qe7 24. Qg3+ Kh7 25. Qd3 Rg8 26. b5 cxb5 27. Nxb5
Rg6 28. c4 a6 29. Nc3 Kg8 30. Rf2 Qc7 31. d5 Bd7 32. Kh1 b5 33. cxb5 axb5 34.
Qf1 b4 35. Na2 Qa7 36. Nxb4 Rc1 37. Qxc1 Qxf2 38. Qf1 Qxd2 39. Nc6 Rg4 40. h3
Rxe4 41. Qxf6 Bxh3 42. Qf3 Re3 43. Qxh3 Rxh3+ 44. gxh3 Qxd5+ 45. Kh2 {
Hossa resigns} 0-1

[Event "ICS rated blitz match"]
[Site "207.99.83.229"]
[Date "1999.06.29"]
[Round "?"]
[White "GIRONA"]
[Black "Hossa"]
[Result "0-1"]
[WhiteElo "2004"]
[BlackElo "2359"]
[PlyCount "88"]

1. e4 e5 2. Bc4 Bc5 3. Nc3 Nf6 4. Qf3 d6 5. Nge2 Bg4 6. Qg3 O-O 7. d3 Nc6 8.
Bg5 Bxe2 9. Nxe2 Na5 10. Bb3 Nxb3 11. axb3 Nh5 12. Qh4 f6 13. Be3 Qe8 14. O-O
Bxe3 15. fxe3 f5 16. exf5 c6 17. e4 Nf6 18. h3 Qf7 19. g4 Nd7 20. Ng3 Qe8 21.
Kh2 a5 22. Rg1 Qf7 23. Raf1 h6 24. Rg2 c5 25. g5 hxg5 26. Qxg5 Nf6 27. h4 a4
28. bxa4 Rxa4 29. b3 Ra2 30. Rfg1 Qe8 31. h5 Nh7 32. Qg4 Nf6 33. Qh4 Kh7 34.
Kh1 Rb2 35. Nf1 Rf7 36. Ne3 Ra2 37. Rg6 Qf8 38. h6 gxh6 39. Nd5 Nxd5 40. exd5
Rxf5 41. Qe4 Rh5+ 42. Kg2 Rxc2+ 43. Kg3 Qf2+ 44. Kg4 44... Rh4# {
GIRONA checkmated} 0-1

[Event "ICS rated bullet match"]
[Site "207.99.83.229"]
[Date "1999.06.29"]
[Round "?"]
[White "Hossa"]
[Black "JSBach"]
[Result "1-0"]
[WhiteElo "2474"]
[BlackElo "2062"]
[Annotator "Fritz 5.32 (22s)"]
[PlyCount "27"]

1. e4 1... e5 {Opening = C40 - 2.Nf3 ---} 2. Nf3 Qf6 3. Nc3 (3. Bc4 Bc5 4. O-O
a6 5. c3 d6 6. d4 Bb6 7. dxe5 dxe5 8. Bg5 Qd6 9. Nxe5 Be6 10. Bxe6 fxe6 11.
Qh5+ g6 12. Nxg6 hxg6 13. Qxh8 Qf8 14. Qh7 Ne7 15. Bxe7 Qxe7 16. Qxg6+ Qf7 17.
Qxf7+ Kxf7 18. Nd2 {1-0 Stoesser,R-Heikkila,S/IECG, Cat-T (m/00768 1996 (18)})
3... Bc5 $16 (3... c6 4. d4 exd4 5. Bg5 (5. e5 Qg6 6. Bd3 Qxg2 7. Rg1 Qh3 8.
Rg3 Qh5 9. Rg5 Qh3 10. Bf1 Qe6 11. Nxd4 Qe7 12. Ne4 h6 13. Nf5 Qe6 14. Nfd6+
Bxd6 15. Nxd6+ Kd8 16. Bc4 Qe7 17. Nxf7+ Kc7 18. Qd6+ Qxd6 19. exd6+ Kb6 20.
Be3+ c5 21. Bxc5+ Ka5 22. Rg3 b5 23. Ra3# {
1-0 Morphy,P-McConnell,J/New Orleans 1849 (23)}) 5... Qg6 6. Qxd4 d6 (6... h6
7. Bf4 d6 8. O-O-O Bg4 9. Ne5 Qf6 10. Nxg4 Qxf4+ 11. Ne3 Qxf2 12. e5 d5 13.
Ncxd5 cxd5 14. Bb5+ Nc6 15. Rd2 Bc5 16. Bxc6+ bxc6 17. Qxc5 Qf4 18. Qxc6+ {
1-0 Ali Saif Mohd,A-Mendoza,A/WchJ-14 1991 (18)}) 7. Bd3 Ne7 8. O-O h6 9. Bf4
Bg4 10. Nd2 Nc8 11. e5 Bf5 12. Bxf5 Qxf5 13. exd6 Qxc2 14. Rae1+ Kd8 15. Nc4
Nd7 16. Qe3 Nf6 17. Qc5 Ng4 18. Re2 {
mhz,S-Chessmaster,2/DatormOete 1988/1-0 (34)}) (3... Ne7 $5 $14 {
ist bedenkenswert}) 4. Nd5 {
Weiss zwingt den Gegner mit starken Drohungen nieder} 4... Qd6 $18 (4... Qd8 $5
5. Nxe5 5... d6 $16) 5. d4 5... exd4 $2 (5... Bb6 $142 6. Nxe5 Ba5+ 7. b4 7...
c6 $18) 6. Bf4 (6. Nxd4 $6 {ist naheliegend und schlecht} 6... Qe5 7. Qd3 7...
Na6 $14 (7... Bxd4 8. Bf4 Bxf2+ 9. Kxf2 Qxb2 10. Nxc7+ Kd8 11. Re1 $18 (11.
Nxa8 $143 11... Qxa1 12. Bc7+ Ke8 13. Bxb8 13... Qxa2 $18))) 6... Qc6 (6...
Bb4+ {nuetzt auch nichts mehr} 7. Nd2 Qg6 8. Nxc7+ (8. Nxb4 $6 8... Nf6 $18)
8... Kf8 9. f3 $18 (9. Nxa8 $6 {ist deutlich schlechter} 9... Qxe4+ 10. Be2
10... Qxf4 $16)) 7. Nxd4 ({Weniger gut ist} 7. Nxc7+ 7... Kf8 8. Bb5 Qxe4+ 9.
Qe2 9... d5 $18) (7. Bxc7 $6 {waere weniger gut} 7... Ne7 8. Nxd4 8... Qg6 $16)
7... Bxd4 (7... Qg6 {holt die Kuh nicht vom Eis} 8. Nxc7+ Kd8 9. Nxa8 Qxe4+ 10.
Ne2 $18) 8. Qxd4 $1 {das war die Absicht} 8... b6 (8... Qg6 {
aendert nichts mehr} 9. Nxc7+ Kd8 10. Nxa8 $18) 9. Qxg7 $1 {zwingend und schoen
} 9... Qxc2 (9... Na6 {haette noch versucht werden koennen} 10. Bxa6 Bxa6 11.
Nxc7+ 11... Ke7 $18) 10. Nxc7+ $1 {glaenzend gespielt.} 10... Ke7 11. Qg5+ Nf6
12. Qe5+ Kf8 13. Bh6+ Kg8 14. Qg5# 1-0

[Event "ICS Rated blitz match"]
[Site "207.99.83.229"]
[Date "1999.06.29"]
[Round "?"]
[White "Hossa"]
[Black "andante"]
[Result "1-0"]
[WhiteElo "2363"]
[BlackElo "2233"]
[PlyCount "67"]

1. e4 d6 2. d4 Nf6 3. Nc3 g6 4. Be2 Bg7 5. h4 c5 6. dxc5 Qa5 7. Qd3 Qxc5 8. h5
Nc6 9. h6 Bf8 10. Be3 Qa5 11. O-O-O e5 12. Qb5 Be6 13. Nd5 Bxd5 14. exd5 Qxb5
15. Bxb5 a6 16. Ba4 b5 17. dxc6 bxa4 18. Rh4 Rc8 19. Bg5 Be7 20. Rc4 O-O 21. c7
Rfe8 22. Kb1 d5 23. Rxa4 Ne4 24. Bxe7 Rxe7 25. Rxd5 f5 26. Rd8+ Re8 27. Rxe8+
Rxe8 28. Rxa6 Kf7 29. Nf3 Nxf2 30. Ng5+ Kg8 31. Rd6 e4 32. Rd7 e3 33. Rg7+ Kf8
34. Nxh7# {andante checkmated} 1-0

[Event "ICS Rated blitz match"]
[Site "207.99.83.229"]
[Date "1999.06.29"]
[Round "?"]
[White "Beadle"]
[Black "Hossa"]
[Result "1-0"]
[WhiteElo "2599"]
[BlackElo "2373"]
[PlyCount "130"]

1. e4 e5 2. Nf3 Nc6 3. d4 exd4 4. Nxd4 Nf6 5. Nxc6 bxc6 6. Bd3 Bb4+ 7. c3 Be7
8. e5 Nd5 9. Be4 O-O 10. Bxd5 cxd5 11. Qxd5 Ba6 12. Be3 Rb8 13. Qd2 Rb7 14. b4
c5 15. a3 Kh8 16. Qd5 Rc7 17. Qb3 Qa8 18. f3 cxb4 19. axb4 Bc4 20. Qd1 f6 21.
Bb6 Rb7 22. Nd2 Bb5 23. Bf2 fxe5 24. c4 Bxc4 25. Nxc4 Bxb4+ 26. Kf1 Qb8 27. Rb1
Rf4 28. Qe2 d6 29. Qd3 Rff7 30. Qd5 Rfc7 31. Be3 a6 32. Qd3 Rd7 33. Rc1 a5 34.
Kg1 a4 35. Qd1 Rdc7 36. Kf2 a3 37. Qd3 a2 38. Rc2 Qg8 39. Ra1 d5 40. Nxe5 Rxc2+
41. Qxc2 Bd6 42. f4 Re7 43. Bd4 Re6 44. Rxa2 Qf8 45. Kg1 Qg8 46. Ra7 Re7 47.
Rxe7 Bxe7 48. Qf5 Bf6 49. Qh5 Qa8 50. Ng6+ Kg8 51. Bxf6 hxg6 52. Qxg6 Qf8 53.
Bd4 Qe7 54. Kf2 Qh4+ 55. g3 Qxh2+ 56. Ke1 Qh1+ 57. Kd2 Qh6 58. Qxh6 gxh6 59.
Kc3 Kf7 60. f5 Ke7 61. g4 Kd6 62. Bg7 Kd7 63. Bxh6 Kc7 64. f6 Kb6 65. f7 65...
Kc6 {Hossa resigns} 1-0

[Event "ICS rated blitz match"]
[Site "207.99.83.229"]
[Date "1999.06.29"]
[Round "?"]
[White "GIRONA"]
[Black "Hossa"]
[Result "0-1"]
[WhiteElo "2029"]
[BlackElo "2383"]
[PlyCount "54"]

1. e4 e5 2. Bc4 Bc5 3. Nc3 Nf6 4. Qf3 d6 5. Nge2 Bg4 6. Qg3 O-O 7. d3 Nc6 8.
Bg5 Bxe2 9. Nxe2 Na5 10. O-O Nxc4 11. dxc4 Nxe4 12. Bxd8 Nxg3 13. Nxg3 Raxd8
14. Rad1 f5 15. c3 a5 16. Rfe1 e4 17. Kf1 e3 18. f4 a4 19. Ke2 Rde8 20. Rf1 g6
21. Rf3 h5 22. Nf1 Re4 23. Rd3 Rxc4 24. Nxe3 Re8 25. Kd2 Bxe3+ 26. Rdxe3 Rxe3
27. Kxe3 27... a3 {GIRONA resigns} 0-1

[Event "ICS rated blitz match"]
[Site "207.99.83.229"]
[Date "1999.06.29"]
[Round "?"]
[White "Hossa"]
[Black "SPToth"]
[Result "1-0"]
[WhiteElo "2387"]
[BlackElo "2110"]
[Annotator "Fritz 5.32 (22s)"]
[PlyCount "41"]

1. e4 1... e5 {Opening = C40 - 2.Nf3 ---} 2. Nf3 Qe7 3. Be2 Nf6 4. Nc3 c6 5. d4
d6 6. O-O $146 (6. Bg5 h6 7. Bh4 Nbd7 8. Ng1 g5 9. Bg3 Bg7 10. h4 Nf8 11. hxg5
hxg5 12. Rxh8 Bxh8 13. dxe5 dxe5 14. Qd2 g4 15. O-O-O Bd7 16. Qe3 Nh5 17. Qh6
Nxg3 18. Qxh8 Nxe2+ 19. Ngxe2 Qg5+ 20. Kb1 O-O-O 21. Qh2 Ng6 22. Qg3 f5 23.
exf5 Bxf5 24. Qe3 24... Qxe3 {- Maric,M-Basagic,V/JUG-chT (7) 1989 (24)}) 6...
g6 7. b3 7... Bg7 $14 (7... exd4 8. Qxd4 Bg7 9. Ba3 $14) 8. Ba3 {
Weiss erhaelt Koenigsangriff} 8... exd4 9. e5 $15 (9. Qxd4 $5 9... c5 10. Qd3
$14) 9... dxc3 10. Bxd6 {Schoenes Feld d6!.} 10... Qd7 $16 (10... Qd8 11. exf6
Bxf6 12. Re1 $14) 11. exf6 Bxf6 12. Re1 {Mit der Idee Ng5} 12... Kd8 13. Bc4 b5
(13... Re8 14. Rxe8+ Kxe8 15. Qe1+ Be7 16. Rd1 $18) 14. Ne5 Bxe5 15. Bxe5 bxc4
(15... Re8 16. Bxf7 16... Rf8 $18) 16. Bxh8 Qxd1 (16... Kc7 {
hilft auch nicht mehr} 17. Be5+ Kb7 18. Qb1 $18) 17. Raxd1+ (17. Rexd1+ $6
17... Ke7 $18) 17... Nd7 18. bxc4 Ba6 (18... c5 $18 {ist der letzte Strohhalm})
19. Bxc3 {Droht Matt} 19... Bxc4 (19... Rc8 {macht keinen grossen Unterschied}
20. Bf6+ $1 {ein unangenehmes Schach} 20... Kc7 21. Re7 Bxc4 22. Rdxd7+ Kb6 23.
Rxa7 $18) 20. Ba5+ Kc8 21. Re8+ (21. Re8+ Kb7 22. Rxd7+ Ka6 23. Rxa8 Kxa5 24.
Raxa7+ Kb4 25. a3+ Kc5 26. a4 $18) 1-0

[Event "ICS rated blitz match"]
[Site "207.99.83.229"]
[Date "1999.06.29"]
[Round "?"]
[White "zhora"]
[Black "Hossa"]
[Result "0-1"]
[WhiteElo "2066"]
[BlackElo "2392"]
[Annotator "Fritz 5.32 (22s)"]
[PlyCount "34"]

1. Nc3 1... e6 {Opening = 1.Nc3} 2. d4 Bb4 3. a3 $146 (3. e4 3... Nf6 $11) 3...
Bxc3+ 4. bxc3 Nf6 5. Nf3 O-O 6. g3 c5 7. Bg2 Ne4 8. Qd3 d5 9. Ne5 $15 (9. Nd2
9... f5 $11) 9... f6 {Staerkt g5} 10. Nf3 (10. Bxe4 $2 {ist nicht korrekt}
10... dxe4 11. Qxe4 fxe5 12. Qxe5 12... cxd4 $19) 10... Qa5 11. Bd2 Nc6 12. O-O
f5 (12... e5 13. dxc5 Nxc5 14. Qe3 $17 (14. Qxd5+ $2 {scheitert an} 14... Be6
15. c4 15... Qb6 $19)) 13. Ne5 $17 (13. Rfb1 $5 $15) 13... cxd4 14. Nxc6 bxc6
15. Qxd4 $19 (15. Bxe4 $5 15... fxe4 16. Qxd4 $15) 15... e5 16. Qe3 d4 17. Bxe4
$4 $19 {schlecht aber verstaendlich} (17. cxd4 $142 17... Nxd2 18. Rfd1 $19)
17... dxe3 (17... dxe3 18. Bxc6 exd2 19. Bxa8 19... Ba6 $19) (17... fxe4 {
scheint erheblich schwaecher} 18. cxd4 exd4 19. Qxd4 $16) 0-1

[Event "ICS rated blitz match"]
[Site "207.99.83.229"]
[Date "1999.06.29"]
[Round "?"]
[White "Hossa"]
[Black "fiancheto2"]
[Result "1-0"]
[WhiteElo "2396"]
[BlackElo "2013"]
[Annotator "Fritz 5.32 (22s)"]
[PlyCount "37"]

1. e4 1... e6 {Opening = C00 - 2.---} 2. Nc3 d5 3. exd5 exd5 4. Nf3 (4. Qe2+
Be7 5. d4 Nf6 6. Be3 O-O 7. Nh3 c5 8. O-O-O c4 9. Rg1 Bb4 10. Nb1 Re8 11. c3
Bf8 12. g4 Nc6 13. g5 Ne4 14. Nd2 Qa5 15. Nxe4 Rxe4 16. Kb1 Bf5 17. Ka1 Re6 18.
b4 Nxb4 19. cxb4 Bxb4 20. Rc1 Bc3+ 21. Rxc3 Qxc3+ 22. Qb2 22... Rb6 {
0-1 Rojas,J-Stojanovic,M/IV Anibal Open, Linares ESP 1997 (22)}) 4... Bg4 5.
Bb5+ $146 (5. Be2 Nf6 6. h3 Bxh3 7. g4 g6 8. d4 Nc6 9. Bf4 Bd6 10. Bxd6 cxd6
11. Qd2 O-O 12. O-O-O Re8 13. Nb5 Qe7 14. Rde1 Ne4 15. Qf4 Rac8 16. Nd2 Nxd2
17. Qxd2 Nb4 18. Nxa7 Ra8 19. Bb5 {
0-1 Jorgensen,C-Goncalves,A/EU-chJW U10 Herculane 1994 (19)}) 5... c6 6. Be2
Nf6 7. Nd4 Bxe2 8. Qxe2+ Qe7 9. Qxe7+ 9... Bxe7 $14 (9... Kxe7 10. O-O $11) 10.
Nf5 g6 11. Nxe7 {Schwarz kann nicht kurz rochieren} 11... Kxe7 12. d3 {
Sichert e4} 12... Nbd7 (12... d4 13. Ne2 c5 14. Bf4 $11) 13. O-O Rae8 14. Be3
Kd8 15. Bxa7 b6 16. a4 16... Kc7 $16 (16... d4 17. Nd1 $14) 17. a5 bxa5 18.
Rxa5 18... Rb8 $2 $18 (18... Re6 $16 $142) 19. Bxb8+ (19. Bxb8+ Rxb8 20. Ra2
$18) 1-0